Argumenta oeconomica

Saved in:
Bibliographic Details
Format: Serial
Language:English
Published: Wroclaw Wroclaw University of Economics 2001
Subjects:
Tags: Add Tag
No Tags, Be the first to tag this record!

MARC

LEADER 00000nas2a2200000 4500
001 c142186
005 20221108082642.4
022 |a 1233-5835 
041 0 |a eng 
044 |a PL 
245 1 0 |a Argumenta oeconomica  |c [editors: Karolina Ciekot-Roczon, Elzbieta Chrusciel] 
264 1 |a Wroclaw  |b Wroclaw University of Economics  |c 2001 
300 |a 1 zv. 
773 0 |w eu_un_cat*s120417 
610 2 0 |a politika hospodárska 
610 2 0 |a politika menová 
610 2 0 |a teórie ekonomické 
610 2 0 |a veda ekonomická